000 01155cam a2200337 a 4500
001 2806608
003 ARRUPE
005 20141103143601.0
008 821213s1983 dcu b 001 0 eng
010 _a 82023357
020 _a0882581228 :
_c$12.95
020 _a0882581236 (pbk.) :
_c$7.95
040 _aDLC
_cDLC
_dDLC
043 _af------
050 0 0 _aPR9340
_b.C48 1983
082 0 0 _a820/.9/96
_219
100 0 _aChinweizu.
_912338
245 1 0 _aToward the decolonization of African literature /
_cby Chinweizu, Onwuchekwa Jemie, Ihechukwu Madubuike.
260 _aWashington, D.C. :
_bHoward University Press,
_c1983.
300 _axviii, 318 p. ;
_c21 cm.
500 _aNo more published.
500 _aIncludes index.
504 _aBibliography: p. 309-314.
505 0 _av. 1. African fiction and poetry and their critics.
650 0 _aAfrican literature (English)
_xHistory and criticism.
_912339
650 0 _aDecolonization in literature.
_912340
700 1 _aJemie, Onwuchekwa,
_d1940-
_912341
700 1 _aMadubuike, Ihechukwu.
_912342
906 _a7
_bcbc
_corignew
_d1
_eocip
_f19
_gy-gencatlg
942 _2lcc
_cMONOGRAPH
999 _c121160
_d121160